000 00745nam a2200241 i 4500
001 8484
003 ES-MaACL
005 20250815041034.0
007 t|
008 920707s1991 sp ||||1| spa d
020 _a84-321-2804-X
080 _a92 Agustín, San
080 _a235.3 Agustín, San
100 1 _aCremona, Carlo.
_941495
245 1 0 _aAgustín de Hipona
_b: la razón y la fe /
_cCarlo Cremona.
260 _aMadrid :
_bRialp,
_cD.L. 1991.
300 _a230 p. ;
_c24 cm.
490 1 _aForjadores de la historia ;
_v19
600 0 4 _aAgustín
_cSanto, Obispo de Hipona-
_xBiografías.
_918920
830 0 0 _aForjadores de historia
_v19
_9177871
852 _aES-MaACL
_jL-15915
_bR.120716
999 _c8484
_d8484